Global shift : (Record no. 54129)

MARC details
000 -LEADER
fixed length control field 00869nam a22002895i 4500
001 - CONTROL NUMBER
control field 18094450
003 - CONTROL NUMBER IDENTIFIER
control field OSt
005 - DATE AND TIME OF LATEST TRANSACTION
control field 20190507093227.0
008 - FIXED-LENGTH DATA ELEMENTS--GENERAL INFORMATION
fixed length control field 140331s2014 cau 000 0 eng
010 ## - LIBRARY OF CONGRESS CONTROL NUMBER
LC control number 2014937039
020 ## - INTERNATIONAL STANDARD BOOK NUMBER
International Standard Book Number 9781446282106 (p)
040 ## - CATALOGING SOURCE
Original cataloging agency DLC
Language of cataloging eng
Description conventions rda
Transcribing agency DLC
042 ## - AUTHENTICATION CODE
Authentication code pcc
050 ## - LIBRARY OF CONGRESS CALL NUMBER
Classification number HD2321
Item number .D53 2015
100 1# - MAIN ENTRY--PERSONAL NAME
Personal name Dicken, Peter.
245 10 - TITLE STATEMENT
Title Global shift :
Remainder of title mapping the changing contours of the world economy /
Statement of responsibility, etc Peter Dicken.
250 ## - EDITION STATEMENT
Edition statement 7th edition.
260 ## - PUBLICATION, DISTRIBUTION, ETC. (IMPRINT)
Place of publication, distribution, etc Washington DC:
Name of publisher, distributor, etc Sage;
Date of publication, distribution, etc 2015
263 ## - PROJECTED PUBLICATION DATE
Projected publication date 1412
300 ## - PHYSICAL DESCRIPTION
Extent 618 pages cm
Other physical details col ill.:
Dimensions 618p.
500 ## - GENERAL NOTE
General note Includes bibliographic details and index
650 ## - SUBJECT ADDED ENTRY--TOPICAL TERM
Topical term or geographic name as entry element Industries
Form subdivision History
General subdivision 20th century.
650 ## - SUBJECT ADDED ENTRY--TOPICAL TERM
Topical term or geographic name as entry element International economic relations.
906 ## - LOCAL DATA ELEMENT F, LDF (RLIN)
a 0
b ibc
c orignew
d 2
e epcn
f 20
g y-gencatlg
942 ## - ADDED ENTRY ELEMENTS (KOHA)
Source of classification or shelving scheme Library of Congress Classification
Koha item type Book
Holdings
Withdrawn status Lost status Source of classification or shelving scheme Damaged status Not for loan Collection code Home library Current library Shelving location Date acquired Source of acquisition Cost, normal purchase price Total Checkouts Full call number Barcode Date last seen Date checked out Copy number Price effective from Koha item type
    Library of Congress Classification     Non-fiction Bishop Okullu Memorial Library (Limuru Campus) Bishop Okullu Memorial Library (Limuru Campus) General Circulation 07/05/2019 donation-KNLS 7050.00 1 HD2321 .D53 2015 061338 31/01/2022 03/12/2021 1 07/05/2019 Book